El incrédulo sin escusa (Record no. 8631)

MARC details
000 -CABECERA
campo de control de longitud fija 00954nam a2200241 a 4500
001 - NÚMERO DE CONTROL
campo de control BRCA_8980
005 - FECHA Y HORA DE LA ÚLTIMA TRANSACCIÓN
campo de control 20190320210500.0
008 - DATOS DE LONGITUD FIJA--INFORMACIÓN GENERAL
campo de control de longitud fija 100717s1723----sp-#######---#000-0#spa-#
041 ## - CÓDIGO DE LENGUA
Código de lengua del texto/banda sonora o título independiente spa
044 ## - CÓDIGO DEL PAÍS DE LA ENTIDAD EDITORA/PRODUCTORA
Código MARC del país sp
084 ## - OTRO NÚMERO DE CLASIFICACIÓN
Número de clasificación CO76
Número de documento/Ítem .S44 1723
100 1# - ENTRADA PRINCIPAL--NOMBRE DE PERSONA
Nombre de persona Señeri, Pablo
Fechas asociadas al nombre 1624 - 1694
9 (RLIN) 21265
245 10 - MENCIÓN DE TÍTULO
Título El incrédulo sin escusa
Mención de responsabilidad, etc. obra del Rmo. Padre Pablo Señeri, de la compañía de Jesús...; traducida de la lengua toscana à la castellana por Don Juan de Espinola Baeza, Echaburu; parte segunda.
260 ## - PUBLICACIÓN, DISTRIBUCIÓN, ETC.
Lugar de publicación, distribución, etc. Barcelona
Nombre del editor, distribuidor, etc. En la imprenta de Maria Marti viuda
Fecha de publicación, distribución, etc. 1723
300 ## - DESCRIPCIÓN FÍSICA
Extensión 342 p. (t.2)
Dimensiones 21.2 x 16.5 cm
500 ## - NOTA GENERAL
Nota general Con licencia
500 ## - NOTA GENERAL
Nota general En portada: A sus costas, y de Iuan Piferrer
500 ## - NOTA GENERAL
Nota general Estado físico: presenta encuadernación en pergamino con cintas rotas
650 14 - PUNTO DE ACCESO ADICIONAL DE MATERIA--TÉRMINO DE MATERIA
Término de materia o nombre geográfico como elemento de entrada Iglesia católica
Subdivisión cronológica Obras anteriores a 1800
9 (RLIN) 22294
700 1# - PUNTO DE ACCESO ADICIONAL--NOMBRE DE PERSONA
Nombre de persona Espinola Baeza Echaburu, Juan de
Término indicativo de función/relación tr.
9 (RLIN) 22295
902 ## - CATALOGADOR
Iniciales CFM
942 ## - ELEMENTOS DE PUNTO DE ACCESO ADICIONAL (KOHA)
Fuente del sistema de clasificación o colocación Library of Congress Classification
Tipo de ítem Koha Libros
Holdings
Estado de retiro Estado de pérdida Estado dañado No para préstamo Localización permanente Ubicación/localización actual Fecha de adquisición Total de préstamos Signatura topográfica completa Código de barras Fecha visto por última vez Precio válido a partir de Tipo de ítem Koha
El ejemplar forma parte de la colección y puede ser consultado según las políticas vigentes.       Biblioteca del Museo Franz Mayer (Rogerio Casas-Alatriste) Biblioteca del Museo Franz Mayer (Rogerio Casas-Alatriste) 10/07/2017   CO76 .S44 1723 CFM00379 22/03/2019 22/03/2019 Libros